KOHA-Header-6

Principles of Electric Materials and Devices (Record no. 8761)

000 -LEADER
fixed length control field 00275nam a2200109Ia 4500
100 ## - MAIN ENTRY--AUTHOR NAME
Personal name S.O. Kasap
245 #0 - TITLE STATEMENT
Title Principles of Electric Materials and Devices
260 ## - PUBLICATION, DISTRIBUTION, ETC. (IMPRINT)
Place of publication New york
Name of publisher Prentice
Year of publication 1997
300 ## - PHYSICAL DESCRIPTION
Number of Pages 265
942 ## - ADDED ENTRY ELEMENTS (KOHA)
Koha item type Books
Holdings
Withdrawn status Lost status Collection code Permanent Location Current Location Shelving location Date acquired Full call number Accession Number Koha item type
    Electrical Engineering MAJU MAJU Shelf No.A25 2019-09-14 621.3 3723 Electrical Engineering

Powered by Koha